[Event "EU-chT (Men) 21st"]
[Site "Heraklion"]
[Date "2017.11.03"]
[Round "6.4"]
[White "Mamedov, Rauf"]
[Black "Melkumyan, Hrant"]
[Result "1-0"]
[WhiteElo "2678"]
[BlackElo "2642"]
[Annotator "Marin,M"]
[PlyCount "183"]
[EventDate "2017.10.28"]
[EventType "team-swiss"]
[EventRounds "9"]
[EventCountry "GRE"]
[SourceTitle "CBM 182"]
[Source "ChessBase"]
[SourceDate "2018.01.17"]
[SourceVersion "1"]
[SourceVersionDate "2018.01.17"]
[SourceQuality "1"]
[WhiteTeam "Azerbaijan"]
[BlackTeam "Armenia"]
[WhiteTeamCountry "AZE"]
[BlackTeamCountry "ARM"]

1. e4 e5 2. Nf3 Nf6 3. Nc3 Nc6 4. Bb5 Bc5 $5 {For decades this move has been
overshadowed by the main alternatives:} (4... Bb4) (4... Nd4) 5. d3 ({Many
games continue with} 5. Nxe5 Nxe5 6. d4 Bd6 {but apparently Black has little
to fear. Here is just a typical continuation:} 7. dxe5 Bxe5 8. O-O O-O 9. Bd3
Re8 10. Re1 d6 11. h3 c6 12. Bd2 b5 13. a3 a6 14. Qf3 c5 $15 {Lengyel,B (2354)
-Husari,S (2383) Budapest 2002 (0-1, 22)}) (5. O-O O-O 6. d3 {transposes}) (5.
Bxc6 dxc6 {leads to a structure typical for the Anti-Berlin system, with the
difference that White has committed his queen's knight quite early. If} 6. Nxe5
$6 Bxf2+ $1) 5... O-O 6. O-O Nd4 $5 {A radical attempt to solve Black's
problems.} (6... d6) 7. Nxe5 {The critical test, although a risky move for
White.} (7. Nxd4 Bxd4 {offers Black no worries as he can prepare ...d7-d5 very
comfortably.} 8. Bc4 (8. Qf3 c6 9. Bc4 d6 10. h3 Bxc3 11. bxc3 h6 12. Qg3 Nh5
13. Qf3 Nf6 14. Qg3 Nh5 15. Qf3 Nf6 {1/2-1/2 Inarkiev,E (2675)-Eljanov,P (2716)
Jermuk 2009}) 8... c6 9. Bb3 a5 10. a4 d5 11. exd5 Nxd5 12. Qe1 Be6 13. Nxd5
Bxd5 14. Bxd5 Qxd5 15. Qe2 Rad8 16. Be3 Rfe8 $11 {Naiditsch,A (2712)-Yu,Y 
(2753) Danzhou 2017 (1/2-1/2, 36)}) 7... d6 8. Nf3 (8. Nc4 $2 c6 9. Ba4 b5 $19)
8... Bg4 9. Be3 c6 ({Personally, I could not resist the temptation to spoil
White's kingside structure. Practice also suggests Black has excellent chances
for a blockade, combined with attacking ideas.} 9... Bxf3 10. gxf3 c6 11. Ba4
b5 (11... Nh5 $5 12. Nb1 Qf6 13. Nd2 Nf4 14. Kh1 Nde2 15. Nb3 Qg6 16. Bxf4 Nxf4
17. Rg1 Nh3 18. Rxg6 Nxf2+ 19. Kg2 Nxd1 20. Nxc5 hxg6 21. Nxb7 Nxb2 22. Bb3 a5
$17 {Savchenko,B (2567)-Sivuk,V (2512) Olongapo City 2015 (1/2-1/2, 58)}) 12.
Bb3 Nh5 13. Kh1 ({An old game went} 13. Bxd4 Bxd4 14. f4 Qh4 15. Ne2 Nxf4 16.
Nxf4 Qxf4 17. c3 Bb6 $15 {Tarrasch,S-Perlis,J San Sebastian 1912 (1-0, 45)})
13... Qh4 14. Rg1 Qh3 15. Qf1 Qxf3+ 16. Qg2 a5 17. a4 b4 18. Nb1 Qxg2+ 19. Rxg2
Nxb3 20. cxb3 f5 $15 {(1/2-1/2, 57)Svidler,P (2739)-Nielsen,P (2680)
Copenhagen 2010}) 10. Bxd4 $146 (10. Ba4 {Ghaem Maghami,E (2609)-Maghsoodloo,P
(2416) Al Ain 2015 (½-½, 36), allows Black the familiar} Bxf3) 10... Bxd4 11.
Bc4 {White has avoided the kingside structural damage and keeps his extra pawn.
The only question is whether the dark-squared bishop is strong enough to
compensate for the pawn. To tell the truth, I have a vague feeling that both
players had been on their own since an early stage.} Nd7 12. h3 Bxf3 13. Qxf3
Qa5 (13... b5 14. Bb3 a5 15. a4 b4 16. Nd1 $14) 14. Qf4 {The best practical
chance. White keeps an eye on the d6-pawn and maintains the possibility of
returning with the queen to d2.} (14. Nd1 Ne5 {seems to be retrieving the pawn
more or less by force:} 15. Qe2 (15. Qf4 Nxc4 16. dxc4 Qc5 $11) 15... Nxc4 16.
dxc4 Rae8 17. c3 Bb6 18. Qd3 Qe5 $11) 14... Ne5 15. Bb3 {White returns the
pawn in order to keep a strong centre.} ({But I see no clear drawback of} 15.
Qd2 $5) 15... Bxc3 16. bxc3 Qxc3 17. Rfd1 $1 ({Beter than} 17. Rad1 {when
Black could use the rook's absence from the queenside with} a5 18. a4 b5 $132)
17... Rad8 $6 {This allows White to set his centre in motion.} (17... Rae8 $5
18. d4 $6 Ng6 19. Qxd6 (19. Qg4 c5 $11) 19... Rxe4 $11) 18. d4 Nc4 (18... Ng6
19. Qf5 $14 {With the rook on d8,} c5 $6 {does not work:} 20. dxc5 Qxc5 21.
Bxf7+ $1) 19. Rab1 d5 20. Rd3 Qb4 21. Rg3 {Tempting but not the best.} ({
A stronger alternative was:} 21. c3 Qd6 22. Qxd6 Rxd6 23. Bxc4 dxc4 24. Rd2 $16
{with a promising ending due to the strong centre and the weak black queenside.
}) 21... Qe7 ({Black mises his chance for counterplay with} 21... Qd2 $1 22.
Qf6 g6) 22. c3 b5 23. exd5 cxd5 24. Bxc4 {AIming for domination on the whole
board due to the weak d5-pawn. But in the endgame, the c3-pawn could also
become weak, ensuring Black chances for counterplay.} ({Or if} 24. a4 bxa4 $1 (
24... a6 $6 25. Bxc4 bxc4 26. Rb6 a5 (26... Ra8 27. a5 $16) 27. Rb5 $16) 25.
Bxc4 dxc4 26. Ra1 Rb8 27. Kh2 Qd7 {and Black should hold.}) 24... bxc4 25. Rb5
g6 26. Re3 Qd6 27. Qxd6 Rxd6 28. Re7 a6 {Slightly passive.} (28... Ra6 $5 29.
Rxd5 Rxa2 30. Rdd7 ({White has no time for} 30. Rc7 Rb8 31. Rdd7 $2 {due to}
Rb1+ 32. Kh2 Rxf2 33. Rxc4 Rbb2 $17) 30... Ra3 31. Re3 a5 32. Rc7 Ra1+ 33. Kh2
a4 {The endgame is drawn as White does not have the time to get the c4-pawn:}
34. Rxc4 Ra8 35. Rc7 a3 36. Ree7 Rc1 37. Rxf7 a2 $11 {and White has to force a
perpetual.}) 29. Rbb7 Re6 $2 {A serious mistake, weakening Black's structure
for nothing.} ({A better attempt to free himself was} 29... Rdd8 30. Kf1 Rde8 (
30... Rb8 31. Rxf7 $1) 31. Red7 $1 ({Gaining a tempo over} 31. Rxe8 Rxe8 32.
Rd7 Rb8) 31... Rd8 32. a4 Rxd7 33. Rxd7 Rb8 34. Rxd5 Rb3 35. Ke2 Rxc3 36. Kd2
Rd3+ 37. Kc2 Kf8 38. Rd6 a5 39. Rd5 Ke7 40. Rxa5 Rxd4 41. f3 Kd6 42. Kc3 Rd1 {
with good drawing chances.}) 30. Rxe6 fxe6 $16 31. f3 Re8 {The plan based on ..
.e6-e5 only makes things worse, but Black's position was unpleasant anyway, as
he cannot get counterplay along the b-file.} (31... Rf7 32. Rb6 (32. Rxf7 Kxf7
33. Kf2 Kf6 34. f4 Kf5 35. Kf3 a5 $11) 32... Re7 33. Kf2 $16) 32. Kf2 e5 33.
dxe5 Rxe5 34. Rd7 Kf8 35. f4 (35. a4 $5 {might have won a tempo in many lines
similar to that from the game.}) 35... Rf5 36. Ke3 g5 37. fxg5 Rxg5 38. g4 Re5+
39. Kd4 Re2 40. Rxh7 {In principle two connected pawns should ensure the win,
but we will see that there will be some practical problems.} (40. Rxd5 {
was a worthy alterntive.} Rxa2 41. Kxc4 a5 42. Rh5 Kg7 43. Kb5 a4 44. Kb4 {
Black is left without counterplay.} Rc2 $6 45. Ra5 $1 Rh2 46. Rg5+ $1 Kf7 47.
Rh5 $1 Kg6 48. Kxa4 $18) 40... Rd2+ 41. Ke5 Rd3 42. g5 Rxc3 43. Kxd5 Rc1 44. h4
c3 45. Kd4 c2 46. Kd3 Ra1 47. Kxc2 Rxa2+ 48. Kb3 Rh2 49. Kc4 Kg8 50. Rh6 Kg7
51. Kd5 a5 52. Ke5 Rf2 $5 {The best chance, preventing the king from reaching
g4.} (52... a4 53. Kf5 a3 54. Kg4 a2 55. Ra6 $18) 53. Ke4 $2 ({Here and later
White misses a clear-cut winning idea:} 53. Ra6 Rh2 54. Kf5 Rxh4 55. Ra7+ $1 (
55. Rxa5 Rb4 $11) 55... Kf8 56. Rxa5 Rh1 57. Kg6 Rg1 58. Ra8+ Ke7 59. Rg8 {
with a theoretical win:} Rg2 60. Kh7 $18) 53... Rf1 $2 ({Apparently} 53... a4 {
would have drawn:} 54. Ke3 (54. Ra6 Rh2 $11) 54... Rb2 (54... Rf1 55. Ra6 $18)
(54... Rh2 55. Kf3 a3 56. Kg4 $18) 55. Kf3 Rb4 56. Kg3 Rc4 57. Ra6 Rb4 58. Kh3
$5 {Trying to put Black in zugzwang.} (58. h5 Rb3+ 59. Kf4 Rb4+ 60. Ke5 Rb5+
61. Kf4 Rb4+ 62. Ke3 Rb3+ 63. Kd4 Rb4+ 64. Kc3 Rb3+ 65. Kc2 Rg3 66. Ra5 a3 $11)
58... Kf7 $1 {The only saving move.} (58... Kh7 $2 {leaves the f6-square
undefended.} 59. h5 Rb3+ 60. Kg4 Rb4+ 61. Kf5 Rb5+ 62. Kf6 $18) (58... Rc4 $2 {
Brings the rook too close to the enemy king.} 59. h5 Rc3+ 60. Kg4 Rc4+ 61. Kf3
Rc3+ 62. Ke4 Rc4+ 63. Kd5 {This is the point.} Rb4 64. Ra7+ Kg8 65. g6 Rb5+ 66.
Ke6 Rxh5 67. Kf6 $18 {mating soon.}) 59. h5 Rb3+ 60. Kg4 Rb4+ 61. Kf5 Rb5+ 62.
Kf4 Rb4+ 63. Ke3 Rb3+ 64. Ke2 Rb2+ 65. Kd3 Rb3+ 66. Kc2 Rh3 $1 ({The familiar} 
66... Rg3 $2 {loses due to} 67. g6+ {with gain of tempo.} Kg7 68. Ra7+ Kg8 69.
Rxa4 Rh3 70. Ra5 Kg7 71. Kd2 $18) 67. h6 Kg8 68. Rxa4 Rg3 69. Ra5 Kh7 70. Kd2
Kg6 $11 {with the same drawn ending as later in the game.}) 54. Ke3 $2 ({
Once again missing the aforementioned idea:} 54. Ra6 $1 Rh1 55. Kf5 $18) 54...
Rf5 $2 ({But now Black had a simple draw:} 54... Rf8 $1 $11 {[%cal Gf8a8]
threatening to place the rook behind the pawn.} 55. Ra6 Rh8) 55. Ra6 Rb5 56.
Kf3 (56. Kf4 $1 Rb4+ 57. Kf5 $1 {of course.}) 56... Rb4 57. h5 Rh4 ({With the
pawn on a5} 57... Rb3+ {does not work.} 58. Ke4 Rb4+ 59. Kd3 Rb3+ 60. Kd2 Rg3
61. Ra7+ Kg8 62. Rxa5 $18) 58. h6+ {A curious move.} ({The natural and simpler
idea was sending the king to the back rank first, of course.} 58. Ra7+ Kg8 59.
h6 $18 {and White would not have to find the complicated winning idea
mentioned below.}) 58... Kh7 59. Ra7+ Kg6 60. Kg3 $2 {For a long time from now
on, the game will flow through the drawish channels.} (60. Rg7+ $1 Kf5 61. Ke2
$3 {The kingside mechanism is perfect, but the king needs to stop the a-pawn.}
({But} 61. Ke3 $2 {does not work:} Rh2 $1 62. Kd3 a4 63. Kc3 a3 64. Kb3 a2 $11)
61... a4 62. Kd2 $18 {followed by h7, g6 and Rg8 soon.}) 60... Rh1 61. Rxa5 {
With the king safely blocking the pawns, this is a theoretical draw.} Rg1+ 62.
Kf2 Rg4 63. Kf3 Rg1 64. Re5 Rh1 65. Ke4 Rd1 66. Rd5 Re1+ 67. Kd4 Rc1 68. Re5
Rd1+ 69. Kc5 Rd8 70. Kc6 Ra8 71. Kd7 Ra7+ 72. Ke8 Ra8+ 73. Ke7 Rh8 74. Rd5 Rh7+
75. Kd8 Ra7 76. Kc8 Ra8+ 77. Kb7 Rf8 78. Kc7 Rf1 79. Rb5 Rf7+ 80. Kc6 Rf8 81.
Kd7 Ra8 82. Rd5 Rf8 83. Ke7 Rf7+ 84. Ke8 Ra7 85. Kd8 Rh7 86. Kc8 Ra7 $2 {
After a long defence, Black finally goes wrong. The a7-square is very
unfortunate.} (86... Rf7 $1 87. Rd7 Rf8+ 88. Rd8 {otherwise ...Kxg5.} Rf7 $11)
(86... Re7 $11) (86... Rh8+ $11) 87. Rd7 Ra8+ 88. Kb7 {This is the point.
Black has no time for ...Kxg5 now, nor can he prevent Rg7 for a long time..}
Rg8 89. Kc7 {Zugzwang.} Ra8 (89... Kxg5 90. Rg7+) (89... Kh5 90. Rg7) 90. Rg7+
Kf5 91. Kb7 Re8 92. h7 1-0

[Event "EU-ch 11th"]
[Site "Rijeka"]
[Date "2010.03.11"]
[Round "6"]
[White "Sutovsky, Emil"]
[Black "Almasi, Zoltan"]
[Result "0-1"]
[WhiteElo "2650"]
[BlackElo "2720"]
[Annotator "Mikhalchishin,A"]
[PlyCount "92"]
[EventDate "2010.03.06"]
[EventType "swiss"]
[EventRounds "11"]
[EventCountry "CRO"]
[SourceTitle "CBM 136"]
[Source "ChessBase"]
[SourceDate "2010.05.18"]
[SourceVersion "1"]
[SourceVersionDate "2010.05.18"]
[SourceQuality "1"]

1. e4 e5 2. Nf3 Nc6 3. Nc3 Nf6 4. Bb5 Bd6 $1 {This idea was born many years
ago - in the 19th century. But it is only recently that modern players have
understood its appeal! First of all Black escapes the Rubinstein Variation
with different drawish possibilities, such as} (4... Nd4 5. Nxd4 (5. Bc4 Bc5 6.
Nxe5 O-O {is another sharp position.}) 5... exd4 6. e5 dxc3 7. exf6 Qxf6 8.
dxc3 Bc5 9. Qe2+ Qe7 {or terribly sharp modern gambits.}) 5. O-O ({A
principled reaction in such cases would have been} 5. d4 Nxd4 6. Nxd4 exd4 7.
Qxd4 {, but after} Qe7 8. Bg5 Be5 9. Qe3 c6 {White will just have to be
careful.}) (5. a3 O-O 6. d3 Re8 ({White's attack is not serious even after} 
6... h6 7. g4 Be7 8. Bxc6 dxc6 9. h3 Qd6 10. Nh4 Nd5 11. Nf5 Bxf5 12. gxf5 Nxc3
13. bxc3 b5 14. Be3 a5 15. a4 Kh7 16. Qh5 b4 17. cxb4 axb4 18. Ke2 Rad8 19.
Rhg1 Bf6 {with the simple threat of c6-c5-c4, exposing the white king.}) 7. O-O
h6 8. h3 Bf8 9. Re1 d6 10. d4 exd4 11. Nxd4 Bd7 12. Bf4 Nxd4 13. Bxd7 Nxd7 14.
Qxd4 Ne5 15. Rad1 c6 16. Bxe5 dxe5 17. Qxd8 Raxd8 18. Rxd8 Rxd8 19. Rd1 Rxd1+
20. Nxd1 b5 {and Black is clearly better, but there are doubts whether it
would be enough for a win.}) (5. d3 a6 6. Bxc6 dxc6 7. h3 Nd7 (7... h6 8. Be3
Qe7 9. Qe2 Be6 10. a3 b5 11. a4 O-O 12. O-O Nd7 13. Nh2 f5 14. exf5 Bxf5 15.
Ne4 Nf6 16. Ng4 Nd5 17. Rfe1 Rae8 18. axb5 axb5 19. c4 bxc4 20. Nxd6 cxd6 21.
dxc4 Nf6 22. Ra7 Qe6 {0-1 Koscielski,J (2358)-Mikhalchishin,A (2526)/Dortmund
2001/EXT 2002 (39). with a clear advantage for Black.}) 8. Be3 (8. Bg5 f6 9.
Be3 O-O 10. Nh4 Nc5 11. Nf5 Ne6 12. h4 g6 13. Nh6+ Kh8 14. g4 Kg7 15. Rg1 Nf4
16. g5 fxg5 17. hxg5 Be7 18. Ng4 Qd6 19. d4 Bxg4 20. Rxg4 Rad8 21. Qd2 Qe6 22.
f3 Bc5 23. O-O-O Bxd4 24. Bxf4 exf4 25. Rxf4 Be5 26. Rf6 Bxf6 27. gxf6+ Qxf6 {
0-1 Sutovsky,E (2676)-Eljanov,P (2717)/Novi Sad SRB 2009}) 8... O-O 9. O-O Re8
10. Nh2 Nc5 11. Ne2 Ne6 12. Qd2 c5 13. Rae1 Bf8 14. f4 exf4 15. Nxf4 c4 16. Nd5
cxd3 17. cxd3 f6 18. Ng4 Kh8 19. Qc3 a5 20. a3 Ra6 {1/2 Berescu,A (2486)
-Salgado Lopez,I (2592)/Rijeka CRO 2010. and Black's pair of bishops can
become very dangerous.}) 5... O-O 6. d3 h6 (6... Re8 7. Re1 a6 8. Bc4 Na5 9. a3
Nxc4 10. dxc4 h6 11. h3 Bc5 12. Be3 Bxe3 13. Rxe3 d6 14. Qd2 Be6 15. b3 Nd7 16.
Rd1 Rf8 17. Qe2 b6 18. Ne1 Nc5 19. Nd3 Nxd3 20. cxd3 b5 21. d4 exd4 22. Rxd4
bxc4 23. bxc4 Qf6 {1-0 Carlsen,M (2813)-Aronian,L (2782)/Nice FRA 2010. with a
very good game for Black.}) 7. a4 (7. Ne2 {would be too timid:} a6 8. Ba4 b5 9.
Bb3 Na5 {eliminating the powerful Spanish bishop and equalising the game.})
7... Re8 8. Bc4 $2 ({A correct plan was} 8. h3 Bf8 9. Re1 d6 10. Be3 {
preparing the central break d3-d4.}) 8... Bf8 9. a5 a6 10. Ne2 $6 (10. Bd2 d6
11. Nd5 {was much more central. The move in the game allows the opponent easy
play in the centre.}) 10... d5 11. exd5 Nxd5 12. Ng3 Be6 13. Re1 Nf6 $1 {
Nice small tactics, which allow Black to get out of the unpleasant pin.} 14.
Bxe6 (14. Nxe5 $2 Nxe5 15. Rxe5 Bxc4 16. Rxe8 Nxe8 {and because of the pin,
White loses a piece.}) 14... Rxe6 15. Bd2 Qe8 16. Ne4 (16. Bc3 {would be met by
} Rd8 17. Ra4 Rd5 {and Black's centralised pieces are very powerful.}) 16...
Nd5 (16... Nxe4 {was not bad either:} 17. dxe4 (17. Rxe4 Qd7 18. Bc3 Rae8 19.
Qe2 f5 {with space problems for White.}) 17... Rd8 18. Qe2 Nd4 19. Nxd4 exd4
20. b3 c5 21. Qd3 Bd6 22. f4 Qc6 23. e5 Bc7 24. Rad1 {, but here it would be
much more difficult for Black to exploit his own strong structure in the
centre, as White has created his own pawn chain too.}) 17. c3 Qd7 18. Qb3 $1 {
With the idea not to allow the centralization of the opponent's rook.} Rb8 19.
h4 $2 {This approach is too agressive; it is much more logical to try to
prepare d3-d4.} Nf6 20. Nxf6+ Rxf6 21. Nxe5 ({Better was} 21. Qc4 Rd8 22. Re3 {
with pressure on the e5-pawn.}) 21... Qf5 $1 22. f4 $2 ({After} 22. Nf3 Qxd3
23. Be3 Qg6 24. Nd2 Qf5 25. Nc4 Rg6 {Black's pressure on the kingside has
increased. But White would retain serious defensive resources.}) 22... Nxe5 23.
Rxe5 Qxd3 {Now there are holes in White's position.} 24. Qd5 ({In the event of
} 24. Rd5 Qg3 25. Qd1 Rg6 26. Qe2 Qxh4 {Black would win a pawn.}) 24... Qc2 25.
Be3 Qxb2 {As the Russians used to say in such positions - You have an extra
pawn, you don't need brainwork!} 26. Re1 Qxc3 27. Ba7 Ra8 (27... Rd6 {would be
a bit more precise:} 28. Qe4 Rbd8 29. Qxb7 Rd5 $19) 28. Re8 Rxe8 29. Rxe8 Qc1+
30. Kh2 Qxf4+ 31. g3 Rd6 32. Rxf8+ ({After} 32. Bc5 Rxd5 33. Rxf8+ Kh7 34. gxf4
Rxc5 35. Rxf7 Kg6 {Black would have an easily won rook ending.}) 32... Kxf8 33.
Bc5 Kg8 34. Bxd6 Qxd6 35. Qxb7 Qd2+ 36. Kh3 Qxa5 {With two extra pawns like
these winning is simple.} 37. g4 Qc3+ 38. Kg2 Qc2+ 39. Kh3 Qd3+ 40. Kg2 Qe2+
41. Kh3 Qe3+ 42. Kg2 Qf4 43. Qc8+ Kh7 44. h5 a5 45. Qd7 Qe4+ 46. Kg3 f6 0-1